An encyclopaedic dictionary of public administration (Record no. 302)
[ view plain ]
| 000 -LEADER | |
|---|---|
| fixed length control field | 01317 a2200289 4500 |
| 003 - CONTROL NUMBER IDENTIFIER | |
| control field | dpl |
| 005 - DATE AND TIME OF LATEST TRANSACTION | |
| control field | 20090302111155.0 |
| 008 - FIXED-LENGTH DATA ELEMENTS--GENERAL INFORMATION | |
| fixed length control field | 080821t xxu||||| |||| 00| 0 eng d |
| 010 ## - LIBRARY OF CONGRESS CONTROL NUMBER | |
| LC control number | ENG-84947-48 |
| 020 ## - INTERNATIONAL STANDARD BOOK NUMBER | |
| International Standard Book Number | 8174874771 (set) |
| Terms of availability | 1195.00 (Set) |
| 020 ## - INTERNATIONAL STANDARD BOOK NUMBER | |
| International Standard Book Number | 817487478X (v.1) |
| 035 ## - SYSTEM CONTROL NUMBER | |
| System control number | EN-68480-81 |
| 037 ## - SOURCE OF ACQUISITION | |
| Source of stock number/acquisition | D.B.Act / Pub |
| 040 ## - CATALOGING SOURCE | |
| Original cataloging agency | DPL |
| Transcribing agency | DPL |
| 082 ## - DEWEY DECIMAL CLASSIFICATION NUMBER | |
| Classification number | 350.0003 |
| 100 ## - MAIN ENTRY--PERSONAL NAME | |
| Personal name | Nishant Singh |
| 245 ## - TITLE STATEMENT | |
| Title | An encyclopaedic dictionary of public administration |
| Remainder of title | (A-J) |
| Statement of responsibility, etc | by Nishant Singh |
| 246 ## - VARYING FORM OF TITLE | |
| Title proper/short title | Public administration |
| 260 ## - PUBLICATION, DISTRIBUTION, ETC. (IMPRINT) | |
| Place of publication, distribution, etc | New Delhi |
| Name of publisher, distributor, etc | Radha Publications |
| Date of publication, distribution, etc | 2007 |
| 270 ## - ADDRESS | |
| Address | 4231/1, Ansari Road, Darya Ganj, |
| City | New Delhi |
| State or province | Delhi |
| Postal code | 110002 |
| Telephone number | 23254306 |
| 300 ## - PHYSICAL DESCRIPTION | |
| Extent | 2v. |
| Dimensions | 21 cm (Hb) |
| 650 ## - SUBJECT ADDED ENTRY--TOPICAL TERM | |
| Topical term or geographic name as entry element | Public administration |
| General subdivision | Dictionary |
| 942 ## - ADDED ENTRY ELEMENTS (KOHA) | |
| Institution code [OBSOLETE] | dpl |
| Koha item type | English Books |
| Call number prefix | 350.0003 / NIS |
| Source of classification or shelving scheme | Dewey Decimal Classification |
| Classification part | 350.0003 |
| Call number suffix | NIS |
| Withdrawn status | Lost status | Damaged status | Not for loan | Home library | Current library | Date acquired | Cost, normal purchase price | Total Checkouts | Total Renewals | Full call number | Barcode | Date last seen | Copy number | Uniform Resource Identifier | Cost, replacement price | Price effective from | Koha item type | Source of classification or shelving scheme | Collection code | Date checked out |
|---|---|---|---|---|---|---|---|---|---|---|---|---|---|---|---|---|---|---|---|---|
| D.B.Act.Division | D.B.Act.Division | 21/08/2008 | 1195.00 | 350.0003 NIS | EN-68480 | 15/09/2008 | 1 | 757 | 1195.00 | 15/09/2008 | English Books | |||||||||
| D.B.Act.Division | D.B.Act.Division | 21/08/2008 | 1195.00 | 350.0003 NIS | EN-68481 | 15/09/2008 | 1 | 758 | 1195.00 | 15/09/2008 | English Books | |||||||||
| Vinoba Puri | Vinoba Puri | 02/03/2009 | 1195.00 | 1 | 350.0003 NIS | B-317483 | 15/02/2019 | 1195.00 | 02/03/2009 | English Books | Dewey Decimal Classification | Non-fiction | 15/02/2019 |
